000 00736nam a22002297a 4500
999 _c33469
_d33469
001 2699
003 CO-MdFUSB
005 20170829090420.0
008 170829t1968 xxu||||| |||| 00| 0 eng d
040 _aCO-MdFUSB
_bspa
_cCO-MdFUSB
_dCO-MdFUSBC
_erda
041 0 _aeng
082 0 4 _aG 222.6 K273b
100 1 _aKeil, C. F. (Carl Friedrich) (1807-1888)
_eautor
245 1 0 _aBiblical commentary on the Old Testament
_b : The books of the Chronicles
_c / C. F. Keil ; Andrew Harpper, Traductor
264 4 _aGrand Rapids, MI., USA :
_b Eerdmans,
_c©1968
300 _a516 Pag
336 _2rdacontent
_a1
_ba1
337 _2rdamedia
_a2
_b5
338 _2rdacarrier
_a2
_b5
653 _aBiblia A.T.- Crónicas - Comentarios
942 _cBK